000 02326cam a22004934i 4500
003 PE-LiUPU
005 20250731180136.0
008 150625s r 000 0 d
035 _a(Sirsi) a38711
040 _aPE-LiUPU
_bspa
_cPE-LiUPU
_erda
082 0 4 _a511.073
_bS55
_221
100 1 _aSilva Santistevan, Mario,
_d1943- ,
_eautor.
245 1 0 _aAritmética razonada :
_bcurso completo de teoria y problemas /
_cMario Silva Santistebán ; orientación y revisión Juan Goñi Galarza.
264 1 _aLima :
_bIngeniería,
_c[2000].
300 _a338 páginas :
_bilustraciones, diágramas ;
_c21 cm.
336 _atext
_2rdacontent
337 _aunmediated
_2rdamedia
338 _avolume
_2rdacarrier
505 0 _aClasificación de la matemática. -Definiciones preliminares. -Nociones de teoría de conjuntos. -Numeración. -Las 4 operaciones con números enteros. -Teoría de la divisibilidad. -Teoría de los números primos. -Máximo común divisor. -Mínimo común múltiplo. -Números fraccionarios. -Fracciones decimales. -Potenciación. -Teoría de radicación. -Sistemas de medidas. -Razones y proporciones. -Magnitudes proporcionales. -Regla de tres simple. -Regla de tres compuesta. -Regla de tanto por ciento. -Regla de interés. -Regla de descuento. -Reparto proporcional o prorrateo. -Promedios. -Regla de mezcla o aligación. -Aleación. -Breves conceptos de lógica.
526 _aSEG44
526 _aSEG26
526 _aP159
526 _aP155
526 _aP154
526 _aP153
526 _aP150
526 _aP100
526 _aP31
526 _aP30
526 _aP26
526 _aP25
526 _aP24
526 _aP22
526 _aP15
526 _aP10
650 1 4 _aAritmética.
650 2 4 _aAritmética
_vProblemas, ejercicios, etc.
910 _bjv
_clch
_d20090702
942 _2ddc
_cBOOK
949 _a511.073 S55
_wDEWEY
_c1
_i58059
_lCCODEBUL1
_mBUL
_p12.00
_r0
_sY
_tBOOK
_u2015-06-25
_xBIBLIOTECA
_zUNKNOWN
_0COMPRA
_o.STAFF. Colección General
596 _a1
999 _a511.073 S55
_wDEWEY
_c47025
_i58059
_d47025
_e2019-3-7
_f2021-11-5
_g5
_lCCODEBUL1
_mBUL
_n3
_p12.00
_r0
_sN
_tBOOK
_u2015-6-25
_xBIBLIOTECA
_zUNKNOWN
_0COMPRA
_o.STAFF. Colección General
980 _81
_gALBERTO SANCHEZ Responsable de Automatización